LEADER 00828naa a2200145 i 4500 001 000000324879 003 CaOOAMICUS 005 20180831173451.0 008 180831n it u000 u ita u 013 $a35788 040 $aSeMil$bita 245 10$aIndice :$bIntroduzione parlata ; Senti el Beat ; Nel mè temp = In my live ; El pirlon del la montagnètta = The fool on the hill , Piazza Bausan = Penny Lane ; Tosa = Girl. 700 1 $aFiorini, Edoardo.$0(OLS)http://semarc/name/82432 773 0 $aFiorini, Edoardo$tMè Beatles.$d[San Giuliano Milanese (MI)] : Win Distribuzione, copyr. 2010.$g[file audio]01-06$w()244726 996 $6245$aIndice :$bIntroduzione parlata ; Senti el Beat ; Nel mè temp = In my live ; El pirlon del la montagnètta = The fool on the hill , Piazza Bausan = Penny Lane ; Tosa = Girl.$9(OLS)http://semarc/title/398126 LEADER 01055nam a2200241 i 4500 001 000000233667 003 CaOOAMICUS 005 20140924000000.0 008 140924s1920 it u000 u ita u 013 $a212570 040 $aSeMil$bita 100 1 $aFogli, Ottorino.$0(OLS)http://semarc/name/80120 245 10$aMonografia dell'abete :$bad uso dei suoi cultori, commercianti e consumatori /$cgeom. Ottorino Fogli. 260 $aMilano :$bUlrico Hoepli,$c1920. 300 $a335 p. :$bill. ;$c16 cm. 490 0 $aManuali Hoepli ;$v. 650 4$aBotanica agraria.$0(OLS)http://semarc/subject/36739 650 4$aVegetazione - Alberi.$0(OLS)http://semarc/subject/16128 830 0$aManuali Hoepli ;$v.$0(OLS)http://semarc/title/7639 850 $aSeMil 852 $aSeMil$W1$xVenegono$y1$m2ZA II 36 FA$j184013$B184013$CSeMilBibl$Z2$F194800 $8I 996 $6245$aMonografia dell'abete :$bad uso dei suoi cultori, commercianti e consumatori$9(OLS)http://semarc/title/333489 996 $6260$aMilano :$bUlrico Hoepli$9(OLS)http://semarc/publisher/29765 LEADER 00950nam a2200217 i 4500 001 000000178857 003 CaOOAMICUS 005 20090415000000.0 008 090415s1976 it u000 u ita u 013 $a156432 040 $aSeMil$bita 100 1 $aPapa, Giovanni .$0(OLS)http://semarc/name/66403 245 12$aL'erezione della Diocesi di Ripatransone :$bpagine di storia religiosa marchigiana (sec. 16.) /$cGiovanni Papa. 260 $aFano :$bStudia Picena,$c1976. 300 $a200 p., [6] p. di tav. ;$c26 cm. 490 0 $aFonti e studi ;$v3 830 0$aFonti e studi ;$v3.$0(OLS)http://semarc/title/27874 850 $aSeMil 852 $aSeMil$W1$xVenegono$y1$m3A IV 148$j129627$B129627$CSeMilBibl$Z2$F141114 $81 996 $6245$aL'erezione della Diocesi di Ripatransone :$bpagine di storia religiosa marchigiana (sec. 16.)$9(OLS)http://semarc/title/256895 996 $6260$aFano :$bStudia Picena$9(OLS)http://semarc/publisher/35455